000 00521nam a2200181Ia 4500
008 090124s9999 xx 000 0 und d
082 _b25173
_a3191
100 _aखाडिलकर नीलकंठ.
245 _a लेखन नामा
250 _a1
260 _c1986
300 _a203
600 _aखाडिलकर नीलकंठ.
630 _a लेखन नामा
700 _aखाडिलकर नीलकंठ.
730 _a लेखन नामा
942 _cBOOK
999 _c138701
_d138701